Normal view
MARC view
- Postmasters
Entry Topical Term
001 - CONTROL NUMBER
- control field: 29528
003 - CONTROL NUMBER IDENTIFIER
- control field: NUST
005 - DATE AND TIME OF LATEST TRANSACTION
- control field: 20200827122710.0
008 - FIXED-LENGTH DATA ELEMENTS
- fixed length control field: 200827|| aca||aabn | a|a d
040 ## - CATALOGING SOURCE
- Original cataloging agency: NUST
- Transcribing agency: NUST
150 ## - HEADING--TOPICAL TERM
- Topical term or geographic name entry element: Postmasters
670 ## - SOURCE DATA FOUND
- Source citation: Work cat.: (NUST)0: Parācah, T̤āriq Faiz̤, 1935- 29527, Kashmīr :, [2001?]
